000 00917nam a2200277 a 4500
005 20200104041536.0
008 140731b2002 ck ||||| |||| 00| 0 spa d
020 _a9588151090
041 _aspa
044 _ack
082 0 4 _a584.15
_bC14l
100 1 _aCalderón-Sáez, Eduardo
_91494
245 1 0 _aLibro rojo de plantas fanerógamas de Colombia :
_bVol. 1 Chrysobalanaceae, Dichapetalaceae y Lecythidaceae
260 _aBogotá
_bInstituto Alexander von Humboldt
_bICN
_bMinambiente
_c2002
300 _a220 p.
_c24 cm.
490 _aLibros Rojos de Especies Amenazadas de Colombia
650 4 _aFlora amenazada
_91492
650 4 _aFanerógamas
_97736
650 _aConservación de biodiversidad
_9345
650 4 _aEspecies amenazadas
_9157
650 4 _aListas rojas UICN
_91359
662 _aColombia
700 1 _aGaleano, Gloria
_9443
700 1 _aGarcía, Néstor
_925314
942 _cLIBRO
_2ddc
_011
999 _c2902
_d2902